[Event "GER MS-273 email"]
[Site "GER email"]
[Date "2017.11.25"]
[Round "?"]
[White "Hebel, Erich"]
[Black "Hoffmann, Heiko"]
[Result "1-0"]
[WhiteElo "2010"]
[BlackElo "1783"]
[PlyCount "43"]
[EventDate "2017.12.01"]
[EventType "tourn (corr)"]
[EventRounds "6"]
[EventCountry "GER"]
[SourceTitle "Corr 2020"]
[Source "ChessBase"]
[SourceDate "2019.09.30"]
[SourceVersion "1"]
[SourceVersionDate "2019.09.30"]
[SourceQuality "1"]

1. e4 c5 2. Nf3 d6 3. d4 cxd4 4. Nxd4 Nf6 5. Nc3 g6 6. Be2 Bg7 7. Be3 Bd7 8. f3 Nc6 9. Qd2 0-0 10. g4 Rc8 11. 0-0-0 Ne5 12. Kb1 Qa5 13. Nb3 Qc7 14. g5 Nh5 15. Nd5 Qd8 16. Bxa7 Be6 17. Be3 Nc4 18. Bxc4 Rxc4 19. Qa5 Bxd5 20. Qxd8 Rxd8 21. Rxd5 Ra8 22. Rb5 1-0

[Event "GER MS-273 email"]
[Site "GER email"]
[Date "2017.11.25"]
[Round "?"]
[White "Herzog, Klaus"]
[Black "Hebel, Erich"]
[Result "1/2-1/2"]
[WhiteElo "1953"]
[BlackElo "2010"]
[PlyCount "53"]
[EventDate "2017.12.01"]
[EventType "tourn (corr)"]
[EventRounds "6"]
[EventCountry "GER"]
[SourceTitle "Corr 2020"]
[Source "ChessBase"]
[SourceDate "2019.09.30"]
[SourceVersion "1"]
[SourceVersionDate "2019.09.30"]
[SourceQuality "1"]

1. e4 e5 2. Nf3 Nc6 3. Bc4 Bc5 4. c3 Nf6 5. d3 h6 6. b4 Bb6 7. a4 a6 8. 0-0 0-0 9. Nbd2 d6 10. h3 Ba7 11. Re1 Ne7 12. Nf1 c6 13. Ng3 Ng6 14. d4 exd4 15. cxd4 d5 16. exd5 Nxd5 17. Ne4 Bf5 18. Bd2 Bxe4 19. Rxe4 Nf6 20. Re3 Nd5 21. Re1 Nh4 22. Ra3 Nxf3+ 23. Qxf3 Qd6 24. Bxd5 cxd5 25. Rae3 Bxd4 26. Rd3 Qf6 27. Bxh6 1/2-1/2

[Event "GER MS-270 email"]
[Site "GER email"]
[Date "2017.09.23"]
[Round "?"]
[White "Hebel, Erich"]
[Black "Hoffmann, Heiko"]
[Result "1-0"]
[WhiteElo "2012"]
[BlackElo "1856"]
[PlyCount "47"]
[EventDate "2017.09.27"]
[EventType "tourn (corr)"]
[EventRounds "6"]
[EventCountry "GER"]
[SourceTitle "Corr 2020"]
[Source "ChessBase"]
[SourceDate "2019.09.30"]
[SourceVersion "1"]
[SourceVersionDate "2019.09.30"]
[SourceQuality "1"]

1. e4 c5 2. Nf3 d6 3. d4 cxd4 4. Nxd4 Nf6 5. Nc3 g6 6. Be3 Bg7 7. f3 0-0 8. Qd2 Nc6 9. g4 Nxd4 10. Bxd4 Be6 11. h4 Qa5 12. h5 Rfc8 13. a3 Rab8 14. Rh2 a6 15. hxg6 hxg6 16. b4 Qd8 17. 0-0-0 a5 18. b5 Qf8 19. Be2 b6 20. Rdh1 Bd7 21. Bxf6 Bxf6 22. Nd5 Be5 23. f4 Bg7 24. f5 1-0

[Event "GER MS-270 email"]
[Site "GER email"]
[Date "2017.09.23"]
[Round "?"]
[White "Hebel, Erich"]
[Black "Kuenitz, Bernhard"]
[Result "1-0"]
[WhiteElo "2012"]
[BlackElo "1937"]
[PlyCount "125"]
[EventDate "2017.09.27"]
[EventType "tourn (corr)"]
[EventRounds "6"]
[EventCountry "GER"]
[SourceTitle "Corr 2020"]
[Source "ChessBase"]
[SourceDate "2019.09.30"]
[SourceVersion "1"]
[SourceVersionDate "2019.09.30"]
[SourceQuality "1"]

1. e4 e6 2. d4 d5 3. Nd2 c5 4. Ngf3 cxd4 5. Nxd4 Nc6 6. Bb5 Bd7 7. Nxc6 bxc6 8. Bd3 Bd6 9. Qe2 Ne7 10. e5 Bc7 11. 0-0 c5 12. c4 0-0 13. b3 a5 14. Ba3 Bb6 15. Rac1 Rc8 16. Bb1 d4 17. Ne4 Ng6 18. f4 Qe7 19. Rce1 Rc7 20. Qh5 Qh4 21. Qd1 Qe7 22. Rf3 f5 23. exf6 gxf6 24. f5 Ne5 25. Rh3 exf5 26. Ng3 Re8 27. Kf1 Qf8 28. Nxf5 Ng6 29. Rxe8 Qxe8 30. Qh5 Bxf5 31. Bxf5 Rg7 32. Bc1 a4 33. Bd2 axb3 34. Rxb3 Bc7 35. Ra3 Re7 36. Ra6 Qf7 37. Kg1 Re8 38. g3 Be5 39. Be4 Kh8 40. Rb6 Bc7 41. Bd5 Qe7 42. Re6 Qd8 43. Ra6 Qe7 44. a4 Rb8 45. Re6 Qf7 46. Rb6 Qf8 47. Rb5 Qe8 48. a5 Rxb5 49. cxb5 Bxa5 50. Bxa5 Qxb5 51. Qf5 Kg7 52. Bd8 Qa6 53. Qd7+ Kh6 54. Qf7 Qa1+ 55. Kg2 Qb2+ 56. Kh3 Qe2 57. Bxf6 Qh5+ 58. Bh4 Qe5 59. Bd8 d3 60. Bf3 d2 61. Kg2 Qb2 62. Bd1 Qd4 63. Ba5 1-0

[Event "GER T270-B39-S email"]
[Site "GER email"]
[Date "2017.08.15"]
[Round "?"]
[White "Hebel, Erich"]
[Black "Mehlhorn, Uwe"]
[Result "0-1"]
[WhiteElo "1997"]
[BlackElo "2156"]
[PlyCount "56"]
[EventDate "2017.08.18"]
[EventType "tourn (corr)"]
[EventRounds "8"]
[EventCountry "GER"]
[SourceTitle "Corr 2020"]
[Source "ChessBase"]
[SourceDate "2019.09.30"]
[SourceVersion "1"]
[SourceVersionDate "2019.09.30"]
[SourceQuality "1"]

1. e4 e5 2. f4 exf4 3. Nf3 g5 4. h4 g4 5. Ng5 h6 6. Nxf7 Kxf7 7. d4 f3 8. gxf3 Be7 9. Qd2 Bxh4+ 10. Kd1 Bg5 11. f4 Bf6 12. Nc3 d6 13. Nd5 Nc6 14. c3 Nce7 15. Ne3 h5 16. Kc2 h4 17. Bd3 g3 18. Qe2 Kf8 19. Bd2 Qe8 20. Rag1 c5 21. d5 Bd7 22. Kb1 Rd8 23. Qf3 Ng6 24. Kc2 Qf7 25. Kc1 b5 26. e5 Nxe5 27. fxe5 Bxe5 28. Qd1 Nf6 0-1

[Event "GER T270-B39-S email"]
[Site "GER email"]
[Date "2017.08.15"]
[Round "?"]
[White "Hebel, Erich"]
[Black "Wnuck, Marek Von"]
[Result "0-1"]
[WhiteElo "1997"]
[BlackElo "2001"]
[PlyCount "52"]
[EventDate "2017.08.18"]
[EventType "tourn (corr)"]
[EventRounds "8"]
[EventCountry "GER"]
[SourceTitle "Corr 2020"]
[Source "ChessBase"]
[SourceDate "2019.09.30"]
[SourceVersion "1"]
[SourceVersionDate "2019.09.30"]
[SourceQuality "1"]

1. e4 e5 2. f4 exf4 3. Nf3 g5 4. h4 g4 5. Ng5 h6 6. Nxf7 Kxf7 7. d4 d5 8. Nc3 Nf6 9. Bxf4 Kg7 10. Nxd5 Bd6 11. Bxd6 Qxd6 12. Nxf6 Qxf6 13. Qe2 Qxd4 14. c3 Qe5 15. 0-0-0 Be6 16. Qb5 Qxb5 17. Bxb5 Rf8 18. a3 a6 19. Ba4 b5 20. Bc2 Nc6 21. Rd2 Rad8 22. Rxd8 Nxd8 23. g3 Rf2 24. Re1 Rg2 25. Re3 Nc6 26. b3 Ne5 0-1

[Event "GER T270-B39-S email"]
[Site "GER email"]
[Date "2017.08.15"]
[Round "?"]
[White "Michalek, Martin"]
[Black "Hebel, Erich"]
[Result "0-1"]
[WhiteElo "1973"]
[BlackElo "1997"]
[PlyCount "76"]
[EventDate "2017.08.18"]
[EventType "tourn (corr)"]
[EventRounds "8"]
[EventCountry "GER"]
[SourceTitle "Corr 2020"]
[Source "ChessBase"]
[SourceDate "2019.09.30"]
[SourceVersion "1"]
[SourceVersionDate "2019.09.30"]
[SourceQuality "1"]

1. e4 e5 2. f4 exf4 3. Nf3 g5 4. h4 g4 5. Ng5 Qf6 6. d4 h6 7. e5 Qb6 8. Ne4 d5 9. Nec3 Nc6 10. Nxd5 Qa5+ 11. Nbc3 Be6 12. Nxf4 Bb4 13. Nxe6 fxe6 14. Bd2 Nxd4 15. Bd3 Qxe5+ 16. Ne2 Nxe2 17. Qxe2 Bxd2+ 18. Kxd2 Qxe2+ 19. Bxe2 Rd8+ 20. Kc3 Nf6 21. Rhe1 Ke7 22. Bc4 Rd6 23. Re5 Nd7 24. Re4 h5 25. Rf1 Rc6 26. Rf5 a6 27. Kb4 Rd6 28. Kc3 b5 29. Bd3 Nf6 30. Re1 Nd5+ 31. Kb3 c5 32. c4 Ne3 33. Rxe3 Rxd3+ 34. Rxd3 exf5 35. Rd5 Ke6 36. Rxc5 f4 37. cxb5 axb5 38. Kc2 Rd8 0-1

[Event "GER T270-B39-S email"]
[Site "GER email"]
[Date "2017.08.15"]
[Round "?"]
[White "Wnuck, Marek Von"]
[Black "Hebel, Erich"]
[Result "1-0"]
[WhiteElo "2001"]
[BlackElo "1997"]
[PlyCount "53"]
[EventDate "2017.08.18"]
[EventType "tourn (corr)"]
[EventRounds "8"]
[EventCountry "GER"]
[SourceTitle "Corr 2020"]
[Source "ChessBase"]
[SourceDate "2019.09.30"]
[SourceVersion "1"]
[SourceVersionDate "2019.09.30"]
[SourceQuality "1"]

1. e4 e5 2. f4 exf4 3. Nf3 g5 4. h4 g4 5. Ng5 Qf6 6. Qxg4 h6 7. Nh3 Nc6 8. Qxf4 Nd4 9. Bd3 Qg6 10. Qe5+ Be7 11. Qxd4 Qxg2 12. Nf2 Nf6 13. e5 c5 14. Qa4 Nh5 15. Nc3 Qg7 16. Qe4 Ng3 17. Rg1 Nxe4 18. Rxg7 Nxf2 19. Kxf2 Bxh4+ 20. Kf3 Kf8 21. Rg2 Be7 22. Nb5 a5 23. Be4 Ra6 24. d4 d6 25. exd6 Bxd6 26. Nxd6 Rxd6 27. dxc5 1-0

[Event "GER MS-268 email"]
[Site "GER email"]
[Date "2017.08.14"]
[Round "?"]
[White "Hebel, Erich"]
[Black "Wittenberg, Gerd"]
[Result "0-1"]
[WhiteElo "2012"]
[BlackElo "1920"]
[PlyCount "110"]
[EventDate "2017.08.18"]
[EventType "tourn (corr)"]
[EventRounds "6"]
[EventCountry "GER"]
[SourceTitle "Corr 2020"]
[Source "ChessBase"]
[SourceDate "2019.09.30"]
[SourceVersion "1"]
[SourceVersionDate "2019.09.30"]
[SourceQuality "1"]

1. e4 c5 2. Nf3 d6 3. d4 cxd4 4. Nxd4 Nf6 5. Nc3 a6 6. Be3 e5 7. Nf3 Be7 8. Bc4 0-0 9. 0-0 Nc6 10. h3 Be6 11. Bb3 Na5 12. Qe2 h6 13. Rfd1 Nxb3 14. cxb3 Qa5 15. Bd2 Qc7 16. Rac1 Qb8 17. Ne1 b5 18. Nc2 Qb7 19. Nb4 Rfc8 20. Qe3 a5 21. Nd3 b4 22. Nd5 Nxd5 23. exd5 Bxd5 24. f3 f5 25. Qe2 Bf7 26. Be3 Rxc1 27. Rxc1 f4 28. Bd2 Re8 29. Be1 d5 30. Bf2 Bd6 31. Qd2 Qb8 32. Ne1 Rc8 33. Rxc8+ Qxc8 34. Kf1 Qa6+ 35. Qe2 Qc6 36. g3 Be6 37. gxf4 Bxh3+ 38. Kg1 exf4 39. Nc2 Bf8 40. Qd3 Be7 41. Kh2 Bd7 42. Kg2 Qd6 43. Nd4 h5 44. Kg1 Qe5 45. Kh1 Bc5 46. Nc6 Bxc6 47. Bxc5 d4 48. Bxd4 Qe1+ 49. Kg2 Qg3+ 50. Kf1 Bxf3 51. Qc4+ Kh7 52. Qc2+ Kh6 53. Qf2 Qh3+ 54. Ke1 Qe6+ 55. Kd2 Qd5 0-1

[Event "GER MS-268 email"]
[Site "GER email"]
[Date "2017.08.14"]
[Round "?"]
[White "Schoenberger, Kay"]
[Black "Hebel, Erich"]
[Result "1/2-1/2"]
[WhiteElo "2044"]
[BlackElo "2012"]
[PlyCount "130"]
[EventDate "2017.08.18"]
[EventType "tourn (corr)"]
[EventRounds "6"]
[EventCountry "GER"]
[SourceTitle "Corr 2020"]
[Source "ChessBase"]
[SourceDate "2019.09.30"]
[SourceVersion "1"]
[SourceVersionDate "2019.09.30"]
[SourceQuality "1"]

1. d4 Nf6 2. c4 e6 3. Nc3 Be7 4. e4 d6 5. f4 0-0 6. Nf3 c6 7. Bd3 e5 8. dxe5 dxe5 9. Nxe5 Nbd7 10. Nxd7 Qxd7 11. Qe2 Bc5 12. Be3 Bxe3 13. Qxe3 Ng4 14. Qd2 Qd4 15. Bf1 Qxd2+ 16. Kxd2 Be6 17. Nd1 b5 18. Be2 Nf6 19. e5 Rad8+ 20. Ke3 Nd7 21. cxb5 cxb5 22. Nc3 f6 23. Nxb5 fxe5 24. f5 Bxf5 25. Rhd1 Nb6 26. Rxd8 Rxd8 27. Nxa7 Nd5+ 28. Kf2 Nf4 29. Rd1 Ra8 30. Nc6 Nxe2 31. Ne7+ Kf8 32. Nxf5 g6 33. Ne3 Nd4 34. a3 Ke7 35. Rc1 Kd6 36. Ke1 h5 37. h3 Ra7 38. Rc4 Nf5 39. Kd2 Rd7 40. Rc8 Ke7+ 41. Ke2 Nd4+ 42. Kf2 Ne6 43. Nc4 Rd4 44. Rc6 g5 45. Ke3 Nf4 46. Nxe5 Rd1 47. Ke4 Rd2 48. b4 Rxg2 49. b5 Ne6 50. b6 g4 51. hxg4 hxg4 52. Rc3 Rb2 53. Nc6+ Kd7 54. Nb4 Nd8 55. Kf5 Rg2 56. Nd5 Nc6 57. Nf6+ Kd6 58. Ne4+ Kd7 59. Nc5+ Kd6 60. Kf4 g3 61. Nb7+ Kd7 62. Rd3+ Kc8 63. Nd6+ Kd7 64. Nc4+ Kc8 65. Kf3 Rg1 1/2-1/2

[Event "GER MS-264 email"]
[Site "GER email"]
[Date "2017.07.03"]
[Round "?"]
[White "Hebel, Erich"]
[Black "Dreisch, Juergen"]
[Result "1-0"]
[WhiteElo "2015"]
[BlackElo "1920"]
[PlyCount "121"]
[EventDate "2017.07.07"]
[EventType "tourn (corr)"]
[EventRounds "6"]
[EventCountry "GER"]
[SourceTitle "Corr 2020"]
[Source "ChessBase"]
[SourceDate "2019.09.30"]
[SourceVersion "1"]
[SourceVersionDate "2019.09.30"]
[SourceQuality "1"]

1. e4 c5 2. Nf3 d6 3. d4 cxd4 4. Nxd4 Nc6 5. c4 e5 6. Nc2 f5 7. Nc3 Nf6 8. Bd3 f4 9. g3 Bg4 10. Be2 Bxe2 11. Qxe2 g6 12. Bd2 Bh6 13. 0-0-0 0-0 14. f3 Rc8 15. Kb1 Rf7 16. Bc1 a6 17. c5 Qe8 18. cxd6 Rd8 19. Qc4 Qf8 20. Qe6 Qe8 21. Qh3 Bf8 22. gxf4 exf4 23. Bxf4 Nh5 24. Bg5 Rxd6 25. Nd5 Nd8 26. Qg4 Nc6 27. Qg2 Ne7 28. Nce3 Nxd5 29. Nxd5 Qe6 30. Rd3 Rc6 31. Rhd1 b5 32. h3 h6 33. Be3 Rc4 34. b3 Rc6 35. f4 Kh7 36. h4 a5 37. Qf3 Nf6 38. Nxf6+ Qxf6 39. h5 gxh5 40. f5 Ba3 41. Qg2 Rg7 42. Rd7 Kg8 43. Qxg7+ Qxg7 44. Rxg7+ Kxg7 45. Rh1 Bb4 46. Rxh5 Bc3 47. Bf4 a4 48. Rh3 b4 49. bxa4 Ra6 50. a5 Rxa5 51. Rxh6 Bf6 52. Rg6+ Kf7 53. Bd6 Rb5 54. Kc2 Ra5 55. Kb3 Be7 56. Bxe7 Kxe7 57. Kxb4 Rxa2 58. e5 Re2 59. e6 Re4+ 60. Kc3 Re5 61. Rg7+ 1-0

[Event "GER MS-258 email"]
[Site "GER email"]
[Date "2017.03.13"]
[Round "?"]
[White "Hebel, Erich"]
[Black "Wittenberg, Gerd"]
[Result "1/2-1/2"]
[WhiteElo "1997"]
[BlackElo "1865"]
[PlyCount "70"]
[EventDate "2017.03.20"]
[EventType "tourn (corr)"]
[EventRounds "6"]
[EventCountry "GER"]
[SourceTitle "Corr 2020"]
[Source "ChessBase"]
[SourceDate "2019.09.30"]
[SourceVersion "1"]
[SourceVersionDate "2019.09.30"]
[SourceQuality "1"]

1. e4 c5 2. Nf3 Nc6 3. d4 cxd4 4. Nxd4 Nf6 5. Nc3 e5 6. Nf3 Bb4 7. Bd3 Bxc3+ 8. bxc3 0-0 9. 0-0 h6 10. Nd2 d6 11. Nc4 d5 12. exd5 Qxd5 13. f3 Rd8 14. Qe1 b5 15. Ne3 Qc5 16. a4 b4 17. cxb4 Nxb4 18. Ba3 Nfd5 19. Be4 Qxe3+ 20. Qxe3 Nxe3 21. Bxb4 Nxf1 22. Bxa8 Bf5 23. Bc6 Ne3 24. c3 Rd2 25. g4 Bd7 26. Be4 Nd5 27. a5 a6 28. Rb1 g6 29. h4 f5 30. gxf5 gxf5 31. Bxd5+ Rxd5 32. c4 Rd4 33. Bc3 Rxc4 34. Bxe5 Rxh4 35. Rb6 Bb5 1/2-1/2

[Event "GER MS-258 email"]
[Site "GER email"]
[Date "2017.03.13"]
[Round "?"]
[White "Hoffmann, Heiko"]
[Black "Hebel, Erich"]
[Result "0-1"]
[WhiteElo "1901"]
[BlackElo "1997"]
[PlyCount "142"]
[EventDate "2017.03.20"]
[EventType "tourn (corr)"]
[EventRounds "6"]
[EventCountry "GER"]
[SourceTitle "Corr 2020"]
[Source "ChessBase"]
[SourceDate "2019.09.30"]
[SourceVersion "1"]
[SourceVersionDate "2019.09.30"]
[SourceQuality "1"]

1. e4 e5 2. Nf3 Nf6 3. Nc3 Nc6 4. d4 exd4 5. Nxd4 Bb4 6. Nxc6 Bxc3+ 7. bxc3 bxc6 8. Bd3 0-0 9. 0-0 d6 10. Bg5 Qe7 11. Qf3 Re8 12. Rfe1 Qe5 13. Bxf6 Qxf6 14. Qxf6 gxf6 15. Reb1 a5 16. a4 Re5 17. f3 f5 18. f4 Rc5 19. exf5 Bxf5 20. Ra3 Kg7 21. Re1 Rb8 22. Re7 Rb7 23. Kf2 Be6 24. Re8 h5 25. Ra8 h4 26. h3 Bd5 27. Rc8 Bc4 28. Kf3 Be6 29. Ra8 Rb1 30. Kf2 Bd5 31. Ra7 Rd1 32. c4 Bxc4 33. Rc3 Bd5 34. Rxc5 dxc5 35. Ke3 Re1+ 36. Kf2 Ra1 37. Rxa5 c4 38. Bf5 Kf6 39. Bd7 Ke7 40. Bf5 Rc1 41. Ra8 Be6 42. Bxe6 Rxc2+ 43. Ke3 fxe6 44. Kd4 Rxg2 45. a5 Rg3 46. Kxc4 Rxh3 47. Rh8 Rh1 48. Kc5 h3 49. a6 Rc1+ 50. Kb4 Ra1 51. Rh7+ Kd6 52. Rxh3 Rxa6 53. Rd3+ Ke7 54. Rc3 Kf6 55. Rc5 Ra1 56. Kb3 Rd1 57. Rc3 Rd6 58. Rc5 Ke7 59. Kc4 Rd1 60. Rg5 Kd6 61. Rg6 Rc1+ 62. Kb3 Rf1 63. Rg4 Kd5 64. Kc3 Ke4 65. Rg6 Rf3+ 66. Kc2 Kf5 67. Rg7 Rxf4 68. Kd2 Ke4 69. Rxc7 Rf2+ 70. Ke1 Rc2 71. Rb7 c5 0-1

[Event "GER MS-255 email"]
[Site "GER email"]
[Date "2017.01.23"]
[Round "?"]
[White "Hebel, Erich"]
[Black "Vieth, Martin"]
[Result "1/2-1/2"]
[WhiteElo "2011"]
[BlackElo "1895"]
[PlyCount "67"]
[EventDate "2017.01.27"]
[EventType "tourn (corr)"]
[EventRounds "6"]
[EventCountry "GER"]
[SourceTitle "Corr 2020"]
[Source "ChessBase"]
[SourceDate "2019.09.30"]
[SourceVersion "1"]
[SourceVersionDate "2019.09.30"]
[SourceQuality "1"]

1. e4 e5 2. Nf3 Nc6 3. Bc4 Bc5 4. c3 Nf6 5. d3 a5 6. 0-0 d6 7. h3 Bb6 8. Bb3 h6 9. Re1 0-0 10. Nbd2 Re8 11. Nf1 Be6 12. Ba4 Bd7 13. Bc2 Ne7 14. a4 Nc6 15. Be3 Bxe3 16. Nxe3 b6 17. b3 Rc8 18. Rc1 Rb8 19. Nc4 Rc8 20. d4 exd4 21. Nxd4 Ne5 22. Ne3 Ng6 23. Nef5 d5 24. exd5 Rxe1+ 25. Qxe1 Nxd5 26. Rd1 Qf6 27. Ng3 Re8 28. Qd2 Ndf4 29. Ne4 Qe7 30. Ng3 Bc8 31. Kh2 Qe5 32. Be4 h5 33. Nf3 Qf6 34. Bxg6 1/2-1/2

[Event "GER MS-253 email"]
[Site "GER email"]
[Date "2017.01.02"]
[Round "?"]
[White "Hebel, Erich"]
[Black "Franke, Heiko"]
[Result "0-1"]
[WhiteElo "1997"]
[BlackElo "2126"]
[PlyCount "62"]
[EventDate "2017.01.07"]
[EventType "tourn (corr)"]
[EventRounds "6"]
[EventCountry "GER"]
[SourceTitle "Corr 2020"]
[Source "ChessBase"]
[SourceDate "2019.09.30"]
[SourceVersion "1"]
[SourceVersionDate "2019.09.30"]
[SourceQuality "1"]

1. e4 c5 2. Nf3 Nc6 3. d4 cxd4 4. Nxd4 Nf6 5. Nc3 e5 6. Ndb5 d6 7. Bg5 a6 8. Na3 b5 9. Bxf6 gxf6 10. Nd5 f5 11. Bd3 Be6 12. 0-0 Bxd5 13. exd5 Ne7 14. Nxb5 Bg7 15. Nc3 e4 16. Bc4 0-0 17. Qd2 Ng6 18. Kh1 Qc7 19. Bb3 Bxc3 20. bxc3 f4 21. c4 a5 22. a4 f5 23. Rae1 Kh8 24. Re2 Qg7 25. Rg1 Rac8 26. f3 e3 27. Qe1 Rg8 28. Qxa5 Ne5 29. Qe1 Qh6 30. Qf1 Rg3 31. Qe1 Rcg8 0-1

[Event "GER MS-250 email"]
[Site "GER email"]
[Date "2016.11.07"]
[Round "?"]
[White "Hebel, Erich"]
[Black "Hahn, Werner"]
[Result "1-0"]
[WhiteElo "1997"]
[BlackElo "1994"]
[PlyCount "89"]
[EventDate "2016.11.11"]
[EventType "tourn (corr)"]
[EventRounds "6"]
[EventCountry "GER"]
[SourceTitle "Corr 2020"]
[Source "ChessBase"]
[SourceDate "2019.09.30"]
[SourceVersion "1"]
[SourceVersionDate "2019.09.30"]
[SourceQuality "1"]

1. e4 e5 2. Nf3 Nc6 3. Bc4 Bc5 4. c3 Nf6 5. d3 d6 6. 0-0 a6 7. a4 0-0 8. b4 Ba7 9. h3 h6 10. Nbd2 Ne7 11. Re1 Ng6 12. d4 Re8 13. Qc2 exd4 14. cxd4 d5 15. Bd3 Nf4 16. e5 Nxd3 17. Qxd3 Ne4 18. Qe3 Bf5 19. Nb3 Qd7 20. a5 Qb5 21. Bd2 Re6 22. Nc5 Rc6 23. Qa3 Rg6 24. Nh4 Nxd2 25. Nxf5 Re8 26. Kh2 Rg5 27. Ne3 Nc4 28. Qc3 Nxe3 29. Rxe3 Rf5 30. Qd2 h5 31. Raa3 Qc6 32. Rg3 Bxc5 33. bxc5 Kh7 34. Rab3 Rb8 35. Qc2 g6 36. Rgf3 Rxf3 37. Rxf3 Kg7 38. Rf6 Qb5 39. Qd2 Rf8 40. f4 Qb3 41. f5 h4 42. fxg6 Qg3+ 43. Kg1 fxg6 44. Rxf8 Kxf8 45. Qf2+ 1-0

[Event "GER MS-250 email"]
[Site "GER email"]
[Date "2016.11.07"]
[Round "?"]
[White "Hebel, Erich"]
[Black "Hoebel, Hartmut"]
[Result "1/2-1/2"]
[WhiteElo "1997"]
[BlackElo "2058"]
[PlyCount "95"]
[EventDate "2016.11.11"]
[EventType "tourn (corr)"]
[EventRounds "6"]
[EventCountry "GER"]
[SourceTitle "Corr 2020"]
[Source "ChessBase"]
[SourceDate "2019.09.30"]
[SourceVersion "1"]
[SourceVersionDate "2019.09.30"]
[SourceQuality "1"]

1. e4 e6 2. d4 d5 3. Nd2 Nf6 4. e5 Nfd7 5. c3 c5 6. Bd3 Nc6 7. Ne2 cxd4 8. cxd4 f6 9. Nf4 Nxd4 10. Qh5+ Ke7 11. exf6+ Nxf6 12. Ng6+ hxg6 13. Qxh8 Kf7 14. 0-0 e5 15. Nb3 Nxb3 16. axb3 e4 17. Be2 Be6 18. Bg5 Qb6 19. Bxf6 Kxf6 20. Qh4+ g5 21. Qh5 Bd6 22. h4 Bf4 23. g3 Bf7 24. Qh7 Bg6 25. hxg5+ Bxg5 26. Qh3 Bf7 27. b4 a6 28. b5 a5 29. b3 g6 30. Kg2 Ke7 31. Rh1 Qf6 32. Ra2 Rf8 33. f4 exf3+ 34. Bxf3 Kd6 35. g4 Bf4 36. Qh4 Qxh4 37. Rxh4 Kc5 38. Rxa5 b6 39. Ra2 d4 40. Rc2+ Kxb5 41. g5 Bxb3 42. Bc6+ Kb4 43. Rf2 Bxg5 44. Rxd4+ Kc5 45. Rg4 Bh6 46. Rxg6 Bf4 47. Rg4 Kxc6 48. Rgxf4 1/2-1/2

[Event "GER MS-248 email"]
[Site "GER email"]
[Date "2016.10.17"]
[Round "?"]
[White "Borchert, Stephan"]
[Black "Hebel, Erich"]
[Result "1/2-1/2"]
[WhiteElo "1962"]
[BlackElo "1997"]
[PlyCount "79"]
[EventDate "2016.10.24"]
[EventType "tourn (corr)"]
[EventRounds "6"]
[EventCountry "GER"]
[SourceTitle "Corr 2020"]
[Source "ChessBase"]
[SourceDate "2019.09.30"]
[SourceVersion "1"]
[SourceVersionDate "2019.09.30"]
[SourceQuality "1"]

1. e4 e5 2. Nf3 Nc6 3. Bb5 Nf6 4. Bxc6 dxc6 5. d3 Bd6 6. Nbd2 Be6 7. b3 0-0 8. Bb2 Nd7 9. Qe2 f6 10. 0-0 Re8 11. Rfe1 a5 12. a4 Bf7 13. d4 exd4 14. Nxd4 Bg6 15. Qc4+ Kh8 16. Rad1 Qe7 17. f3 Nb6 18. Qf1 Rad8 19. Qf2 Qe5 20. g3 Bb4 21. c3 Bf8 22. Kg2 Kg8 23. f4 Qe7 24. f5 Bf7 25. N2f3 c5 26. Ba3 Rd7 27. Rb1 Qd8 28. Ne6 Bxe6 29. fxe6 Rxe6 30. Bxc5 Bxc5 31. Qxc5 Qe8 32. e5 fxe5 33. Re4 Rd3 34. Rbe1 Qf7 35. Ng5 Qh5 36. Nxe6 Rd2+ 37. R4e2 Rxe2+ 38. Rxe2 Qxe2+ 39. Kg1 Qd1+ 40. Kf2 1/2-1/2

[Event "GER MS-248 email"]
[Site "GER email"]
[Date "2016.10.17"]
[Round "?"]
[White "Hebel, Erich"]
[Black "Jansen, Uwe"]
[Result "1/2-1/2"]
[WhiteElo "1997"]
[BlackElo "1960"]
[PlyCount "92"]
[EventDate "2016.10.24"]
[EventType "tourn (corr)"]
[EventRounds "6"]
[EventCountry "GER"]
[SourceTitle "Corr 2020"]
[Source "ChessBase"]
[SourceDate "2019.09.30"]
[SourceVersion "1"]
[SourceVersionDate "2019.09.30"]
[SourceQuality "1"]

1. e4 c6 2. Nc3 d5 3. d4 dxe4 4. Nxe4 Bf5 5. Ng3 Bg6 6. Nf3 Nd7 7. Bd3 e6 8. Bxg6 hxg6 9. Qe2 Ngf6 10. 0-0 Qc7 11. Bg5 Be7 12. Rfe1 0-0 13. c4 Rfe8 14. a3 c5 15. dxc5 Nxc5 16. b4 Ncd7 17. Rab1 a5 18. Rec1 axb4 19. axb4 b6 20. Nd4 Ra4 21. Bd2 Qe5 22. Nc6 Qxe2 23. Nxe2 Bf8 24. Nc3 Ra3 25. h3 Rc8 26. b5 Nb8 27. Nxb8 Rxb8 28. Be3 g5 29. g3 Rc8 30. Bxb6 Rxc4 31. Ne2 Rxc1+ 32. Nxc1 Ne4 33. Bc7 Bc5 34. Kg2 Bxf2 35. Rb4 Bxg3 36. b6 Bxc7 37. bxc7 Nd6 38. Rb8+ Kh7 39. Rd8 Ra7 40. Nd3 Rxc7 41. Rxd6 Kg6 42. Rb6 Rc2+ 43. Kf3 Rc3 44. Ke4 Kf6 45. Kd4 Ra3 46. Rb7 Ra4+ 1/2-1/2

[Event "GER MS-248 email"]
[Site "GER email"]
[Date "2016.10.17"]
[Round "?"]
[White "Hebel, Erich"]
[Black "Naeter, Burkhard"]
[Result "1/2-1/2"]
[WhiteElo "1997"]
[BlackElo "2070"]
[PlyCount "65"]
[EventDate "2016.10.24"]
[EventType "tourn (corr)"]
[EventRounds "6"]
[EventCountry "GER"]
[SourceTitle "Corr 2020"]
[Source "ChessBase"]
[SourceDate "2019.09.30"]
[SourceVersion "1"]
[SourceVersionDate "2019.09.30"]
[SourceQuality "1"]

1. e4 e5 2. Nf3 Nc6 3. Bc4 Nf6 4. Ng5 d5 5. exd5 Na5 6. Bb5+ c6 7. dxc6 bxc6 8. Bd3 Nd5 9. Nf3 Bd6 10. 0-0 Nf4 11. Re1 Nxd3 12. cxd3 0-0 13. Nc3 f6 14. d4 exd4 15. Ne4 Be7 16. d3 c5 17. b3 Nc6 18. Ba3 Bg4 19. h3 Bxf3 20. Qxf3 Ne5 21. Qf5 Qa5 22. Ng5 fxg5 23. Qxe5 Rf7 24. Qe4 Raf8 25. Bb2 Kh8 26. Re2 Bd6 27. Qe6 Rf6 28. Qd5 Qc7 29. b4 Rf5 30. Qe6 R5f6 31. Qd5 Rf5 32. Qe6 R5f6 33. Qd5 1/2-1/2